000 00505nam a2200169Ia 4500
005 20250324063812.0
008 240331s9999 xx 000 0 und d
082 _a303
_bSOC
_21013
245 0 _aSocial Movements in India:
_bStudies in Peasant, Backward Classes, Sectarian, Tribal and Women's Movements
260 _aNew Delhi,
_bManohar Publications
_c1979
300 _axxx, 435 p.,
650 _aSocial Movements
650 _aReligion
650 _aWomen
700 _aRao, M. S. A
_eedt
942 _cL
999 _c1211
_d1211